I'm Ok, You're Ok (Record no. 2897)

MARC details
000 -LEADER
fixed length control field 00270nam a2200121Ia 4500
008 - FIXED-LENGTH DATA ELEMENTS--GENERAL INFORMATION
fixed length control field 191201s1973 xx 000 0 und d
100 ## - MAIN ENTRY--PERSONAL NAME
Personal name HARRIS, Thomas
245 #0 - TITLE STATEMENT
Title I'm Ok, You're Ok
260 ## - PUBLICATION, DISTRIBUTION, ETC. (IMPRINT)
Place of publication, distribution, etc N.Delhi
Name of publisher, distributor, etc IBD
Date of publication, distribution, etc 1973
300 ## - PHYSICAL DESCRIPTION
Extent 317
650 ## - SUBJECT ADDED ENTRY--TOPICAL TERM
Topical term or geographic name as entry element MBA
942 ## - ADDED ENTRY ELEMENTS (KOHA)
Source of classification or shelving scheme Dewey Decimal Classification
Koha item type Text Books
Holdings
Withdrawn status Lost status Source of classification or shelving scheme Damaged status Not for loan Collection code Home library Current library Date acquired Source of acquisition Cost, normal purchase price Bill Number Total Checkouts Full call number Acc. no. / Barcode Date last seen Bill Date Koha item type Public note Date last borrowed
    Dewey Decimal Classification     GENERAL PIET C-LIBRARY PIET C-LIBRARY 18/08/2007 J B C, New Delhi 525.00 706   158.5 THI 6534 04/12/2019 28/07/2007 Text Books Stories and Novels  
    Dewey Decimal Classification     GENERAL PIET C-LIBRARY PIET C-LIBRARY 18/08/2007 J B C, New Delhi 525.00 706 2 158.5 THI 6535 17/09/2024 28/07/2007 Text Books Stories and Novels 05/09/2024
    Dewey Decimal Classification     GENERAL PIET C-LIBRARY PIET C-LIBRARY 18/08/2007 J B C, New Delhi 525.00 706 1 158.5 THI 6536 26/02/2026 28/07/2007 Text Books Stories and Novels 10/02/2026
    Dewey Decimal Classification     GENERAL PIET C-LIBRARY PIET C-LIBRARY 18/08/2007 J B C, New Delhi 525.00 706 1 158.5 THI 6537 12/05/2022 28/07/2007 Text Books Stories and Novels 26/04/2022

Design & Developed by: PIET Central Library
R70 Miles Stone Pattikalyana Samalkha Panipat 132102
mail ID :- [email protected], Phone No:- 0180-2569700 Ex.216